| 000 | 00934nam a2200217 i 4500 | ||
|---|---|---|---|
| 001 | 121203 | ||
| 003 | ES-MaACL | ||
| 005 | 20250815001140.0 | ||
| 007 | t| | ||
| 008 | 070214s1967 sp r ||||1| spa d | ||
| 100 | 1 |
_aPrevite-Orton, C. W. _993812 |
|
| 245 | 1 | 0 |
_aHistoria del mundo en la Edad Media / _cC. W. Previte-Orton ; traducción Manuel Riu Riu y Rafael Ballester Escala. |
| 260 |
_aBarcelona : _bRamón Sopena, _c1967. |
||
| 300 |
_a3 v. ; _c22 cm. |
||
| 505 | 8 | _aContiene: t. I: Desde el Bajo Imperio Romano hasta la disolución del Imperio Carolingio --- t. II: Desde la disolución del Imperio Carolingio hasta finales del siglo XIII --- v. III: Desde finales del siglo XIII hasta la transición a la Edad Moderna | |
| 650 | 7 |
_aHistoria medieval _2embne _913411 |
|
| 700 | 1 |
_aRiu, Manuel. _997501 |
|
| 700 | 1 |
_aBallester Escala, Rafael. _925013 |
|
| 852 |
_aES-MaACL _jE-6637-39 _bR.91059 |
||
| 999 |
_c121203 _d121203 |
||